000 00478nam a2200181Ia 4500
005 20250326124740.0
008 250326s9999 xx 000 0 und d
037 _aTextbook
040 _aFMSL
_beng
_cFMSL
041 _aeng
_2eng
084 _aX:89A L0;4
_qFMSL
100 _aStarr M K
245 0 _aManagement of production
_cStarr M K
260 _aUSA
_bUSA, Penguin Books
_c1970
300 _a398p
942 _cTB
_hX:89A L0;4
999 _c1275030
_d1275030